BALLONS DES COUPES DU MONDE DE FOOTBALL - Statistiques

Statistiques générales
  • Ce quiz a été pris 176 fois
  • Le résultat moyen est 8 sur 10
Statistiques - réponses
Par images Réponse % Correct
2014
99%
2010
97%
2022
93%
2006
87%
2018
86%
1998
82%
2002
76%
1970
71%
1986
66%
1966
51%
Aucun quiz correspondant
Distribution des résultats
% des personnes avec chaque résultat
Percentile par nombre de réponses
Votre historique - résultats
Vous n’avez pas pris ce quiz